000 00359nam a2200121Ia 4500
008 210430s9999 xx 000 0 und d
082 _a070 D666 D
100 _ajOSEPH r. Dominick
245 4 _aThe Dynamics of Mass Communication Media in the digital Age
_cjOSEPH r. Dominick
260 _anew york
_bMC Graw Hill
_c2002
300 _a528p
942 _cBK
_2ddc
999 _c562214
_d562214